Drácula /

Đã lưu trong:
Chi tiết về thư mục
Tác giả chính: Stoker, Bram (autor)
Tác giả khác: Gimferrer, Pere (prólogo) (prólogo), Molina Foix, Juan Antonio (traducción) (traducción)
Định dạng: Sách
Ngôn ngữ:Tiếng Tây Ban Nha
Được phát hành: México : Planeta, 2023, c2017
Loạt:(Austral Singular)
Những chủ đề:
Các nhãn: Thêm thẻ
Không có thẻ, Là người đầu tiên thẻ bản ghi này!

MARC

LEADER 00000nam^a2200000^a^4500
001 000576192
005 20250521000000.0
009 20260526153217.391
020 |a 978-607-07-4171-5 
037 |a Acervo ITESO - Biblioteca 
041 |a ESP 
082 |a 823.  |b STO 
100 |a Stoker, Bram  |e (autor) 
240 1 1 |a [Drácula] 
245 1 0 |a Drácula /  |c B. Stoker ; pról. de P. Gimferrer ; tr. por J.A. Molina Foix. 
264 4 |a México :  |b Planeta,  |c 2023, c2017 
300 |a 568 p. 
336 |a texto  |b txt  |2 rdacontenido 
337 |a sin mediación  |b n  |2 rdamedio 
338 |a volumen  |b nc  |2 rdasoporte 
440 1 |a (Austral Singular) 
521 |a Peticiones 2024 
545 0 |a Abraham "Bram" Stoker (Dublín, entonces Gran Bretaña, 1847 – Londres, Inglaterra, 1912), escritor irlandés. Ejerce la crítica teatral y en 1878 se convierte en secretario del actor Henry Irving (1838-1905), puesto que mantiene hasta la muerte del intérprete. Autor de varias novelas y relatos, es reconocido primordialmente por Drácula (1897), clásico que demarca la transición de la literatura gótica al género del terror. Para su novela, Stoker estudió cuidadosamente leyendas y tradiciones de la región rumana de Transilvania y el personaje protagonista está inspirado parcialmente en el noble rumano Vlad Tepes o Vlad III, El Empalador (1431-1476), príncipe de Valaquia. Drácula ha sido objeto de numerosas adaptaciones cinematográficas y televisivas, entre las que sobresale Nosferatu (Friedrich Wilhelm Murnau, 1922), clásico del cine expresionista alemán. Otras de las novelas del autor dublinés son La joya de las siete estrellas (1903), La dama del sudario (1909) y La madriguera del gusano blanco (1911; traducida también como La guarida del gusano blanco), en tanto su volumen póstumo El invitado de Drácula y otros relatos fantásticos (1914) ha originado diversas ediciones de sus cuentos en español. La biografía y libro de memorias Personal Reminiscences of Henry Irving (1906) y la colección de retratos de Famosos impostores (1910) pueden citarse entre sus experiencias en otros géneros literarios. 
649 |a XX 
650 |a Vampiros en la Literatura 
650 |a Vampiros -  |x Tema Principal 
650 |a Animales Mitológicos en la Literatura 
650 |a Seres Fantásticos 
650 |a Novela Fantástica -  |z Irlanda 
650 |a Novela Irlandesa 
650 |a Literatura Fantástica -  |z Irlanda 
650 |a Literatura en Inglés -  |z Irlanda 
650 |a Literatura Irlandesa -  |y Siglo XIX 
650 |a Transilvania, Rumania en la Literatura 
700 |a Gimferrer, Pere  |e (prólogo) 
700 |a Molina Foix, Juan Antonio  |e (traducción) 
910 |a Fondo General 
920 |a Impresos - Libros 
930 |a Colección General 
940 |a Literatura 
905 |a 101 
901 |a 0500402841  |b IT1  |c LIT  |i C184953  |u 20250521 
902 |a https://opac.biblio.iteso.mx/vufind/Record/000576192